000 00411nam a22001697a 4500
003 OSt
005 20260519151050.0
008 260519b |||||||| |||| 00| 0 eng d
040 _cAL
082 _a494.50 VAMK
100 _aDr.Vamana nandavara
_9264134
245 _aKoti chennayya janapadiya
260 _aMangalore
_bHemantu prakashana
_c2001
300 _a420 p
650 _2Kannada
942 _2ddc
_cBED
999 _c241448
_d241448